000 00496nam a2200193Ia 4500
001 43030
008 140425s9999 xx 000 0 und d
020 _aNA
040 _cPK-LaUMT
082 _aRHC 320.011
_bCMJ-T
100 _aAbdul Mehsi
245 _aTaaruf jadeed siyaasi nazriyya (Urdu)
_cAbdul Mehsi<>C. M. Jowd
260 _aLahore,Pakistan:
_bMajlas-e-Taraqi Adab,
_c2009
300 _a110 p.
546 _aUR
650 _aPolitical science
700 _aC. M. Jowd
942 _cBK
999 _c41041
_d41041